Lord of the Rings | When did this happen? #1 - Statistics

General Stats
  • This quiz has been taken 14 times
  • The average score is 8 of 17
Answer Stats
Question Answer % Correct
When was the one Ring destroyed? 25th March
93%
When was the Battle of the Hornburg? 3rd March
64%
When was Frodo stabbed on Weathertop? 6th October
64%
When did Frodo and Sam enter Shelob's Lair? 12th March
57%
When did Aragorn take the Paths of the Dead? 8th March
57%
When was the battle of the Pelennor Fields? 15th March
50%
When did Aragorn die? 1st March
50%
When was the crowning of King Elessar? 1st May
50%
When was the breaking of the Fellowship? 26th February
50%
When did Frodo and Bilbo depart from the Grey Havens? 29th September
50%
When did Samwise marry Rose? 1st May
43%
When was Theodred slain? 25th February
43%
When was the Council of Elrond? 25th October
43%
When was the fall of Gandalf from the bridge of Khazad-dum? 15th January
36%
When was the battle of Bywater? 3rd November
29%
When was Gandalf imprisoned in Orthanc? 10th July
21%
When was the Funeral of King Theoden? 10th August
7%
No matching quizzes found
Score Distribution
Percent of People with Each Score
Percentile by Number Answered
Your Score History
You have not taken this quiz